01183nac a22003977a 4500001001000000003000900010005001700019008003400036040005400070072001300124110006900137245017600206260003600382300001100418490010100429650001100530650001000541650001100551650001000562650001200572650001800584650001000602650000700612650000800619650000800627650000900635650001100644650001100655650002000666650001100686650001900697650002200716650001600738650001000754650002100764BR7604682BR-BrBNA20240105114014.0230509b bl.|||m| |||| 00| 0 por d aBR-BrBNAbporcBiblioteca Nacional de Agricultura aL01; E701 aSubsecretaria de Planejamento e Orcamento, Brasilia, DF (Brasil)1 aSerie estatistica agropecuaria. Parana, Santa Catarina, Rio Grande do Sul, Mato Grosso, Goias, Distrito Federal - pecuaria, avicultura, apicultura e sericicultura, 1945/733 aBrasilia, DF (Brasil): c1976.  a362 p. aSerie Estatisticas Agropecuarias - Subsecretaria de Planejamento e Orcamento (Brazil)vv. 7(4)x aBOVINO aSUINO aEQUINO aOVINO aCAPRINO aAVE DOMESTICA aLEITE aLA aOVO aMEL aCERA aABELHA aCASULO aCOMERCIALIZACAO aPARANA aSANTA CATARINA aRIO GRANDE DO SUL aMATO GROSSO aGOIAS aDISTRITO FEDERAL